Design concept in architectural competitions as a means to classify new trends in contemporary architecture / (رقم التسجيلة. 179165)
[ عرض عادي ]
| 000 -LEADER | |
|---|---|
| fixed length control field | 04352namaa22004331i 4500 |
| 003 - CONTROL NUMBER IDENTIFIER | |
| control field | EG-GICUC |
| 005 - أخر تعامل مع التسجيلة | |
| control field | 20260416110922.0 |
| 008 - FIXED-LENGTH DATA ELEMENTS--GENERAL INFORMATION | |
| fixed length control field | 260404s2025 ua a|||frm||| 000 0 eng d |
| 040 ## - CATALOGING SOURCE | |
| Original cataloguing agency | EG-GICUC |
| Language of cataloging | eng |
| Transcribing agency | EG-GICUC |
| Modifying agency | EG-GICUC |
| Description conventions | rda |
| 041 0# - LANGUAGE CODE | |
| Language code of text/sound track or separate title | eng |
| Language code of summary or abstract | eng |
| -- | ara |
| 049 ## - Acquisition Source | |
| Acquisition Source | Deposit |
| 082 04 - DEWEY DECIMAL CLASSIFICATION NUMBER | |
| Classification number | 624.1 |
| 092 ## - LOCALLY ASSIGNED DEWEY CALL NUMBER (OCLC) | |
| Classification number | 624.1 |
| Edition number | 21 |
| 097 ## - Degree | |
| Degree | Ph.D |
| 099 ## - LOCAL FREE-TEXT CALL NUMBER (OCLC) | |
| Local Call Number | Cai01.13.02.Ph.D.2025.Yo.D |
| 100 0# - MAIN ENTRY--PERSONAL NAME | |
| Authority record control number or standard number | Yomna Mohamed Sameh Elhawary, |
| Preparation | preparation. |
| 245 10 - TITLE STATEMENT | |
| Title | Design concept in architectural competitions as a means to classify new trends in contemporary architecture / |
| Statement of responsibility, etc. | by Yomna Mohamed Sameh Elhawary ; Supervisors Prof. Aly Hatem Gabr, Prof. Dr.Ahmed Mostafa Abd El Ghafaar. |
| 246 15 - VARYING FORM OF TITLE | |
| Title proper/short title | الفكرة التصميمية في المسابقات المعمارية كوسيلة لتصنيف اتجاهات جديدة في العمارة المعاصرة |
| 264 #0 - PRODUCTION, PUBLICATION, DISTRIBUTION, MANUFACTURE, AND COPYRIGHT NOTICE | |
| Date of production, publication, distribution, manufacture, or copyright notice | 2025. |
| 300 ## - PHYSICAL DESCRIPTION | |
| Extent | 200 pages : |
| Other physical details | illustrations ; |
| Dimensions | 30 cm. + |
| Accompanying material | CD. |
| 336 ## - CONTENT TYPE | |
| Content type term | text |
| Source | rda content |
| 337 ## - MEDIA TYPE | |
| Media type term | Unmediated |
| Source | rdamedia |
| 338 ## - CARRIER TYPE | |
| Carrier type term | volume |
| Source | rdacarrier |
| 502 ## - DISSERTATION NOTE | |
| Dissertation note | Thesis (Ph.D)-Cairo University, 2025. |
| 504 ## - BIBLIOGRAPHY, ETC. NOTE | |
| Bibliography, etc. note | Bibliography: pages 192-200. |
| 520 #3 - SUMMARY, ETC. | |
| Summary, etc. | The contemporary architectural period has produced numerous architectural movements, <br/>including evolved trends from previous movements and entirely new ones. These movements <br/>have been classified based on the theories and ideas of pioneering architects and theorists. <br/>By studying and analyzing the works of these temporary and pioneering architectural <br/>competitions, we can identify contemporary trends in design thought in architecture. We can <br/>also classify these trends to understand what is new, modern, and contemporary in <br/>architectural production. The research will discuss these points by focusing on contemporary <br/>international architectural competitions. Moreover, the study focuses on the most famous <br/>competition to understand the new intellectual trends of pioneering practitioners. aiming to <br/>explore the latest design ideas of architects who have been influenced by rapid and <br/>successive technological changes and the communications revolution more than their <br/>predecessors. |
| 520 #3 - SUMMARY, ETC. | |
| Summary, etc. | أنتجت فترة العمارة المعاصرة العديد من الحركات المعمارية، بما في ذلك التطورات من الحركات السابقة وحركات جديدة تمامًا، حُصرت هذه الحركات بناءً على النظريات والأفكار التي طرحها المعماريون والنظريون الرائدين. من خلال دراسة وتحليل بعض الأعمال من المسابقات المعمارية المعاصرة والرائدة، يمكننا تحديد الاتجاهات المعاصرة في التفكير التصميمي في العمارة. يمكننا أيضًا تصنيف هذه الاتجاهات لفهم ما هو جديد وحديث ومعاصر في الإنتاج المعماري. سيناقش البحث هذه النقاط من خلال التركيز على المسابقات المعمارية الدولية المعاصرة. علاوة على ذلك، يركز البحث على أشهر المسابقات لفهم الاتجاهات الفكرية الجديدة للممارسين الرائدين، بهدف استكشاف الأفكار التصميمية الجديدة للمهندسين المعماريين الذين تأثروا بالتغيرات التكنولوجية السريعة والمتتالية وثورة الاتصالات أكثر من سلفهم. |
| 530 ## - ADDITIONAL PHYSICAL FORM AVAILABLE NOTE | |
| Issues CD | Issues also as CD. |
| 546 ## - LANGUAGE NOTE | |
| Text Language | Text in English and abstract in Arabic & English. |
| 650 #0 - SUBJECT ADDED ENTRY--TOPICAL TERM | |
| Topical term or geographic name entry element | Architectural Engineering |
| 650 #0 - SUBJECT ADDED ENTRY--TOPICAL TERM | |
| Topical term or geographic name entry element | الهندسة المعمارية |
| 653 #1 - INDEX TERM--UNCONTROLLED | |
| Uncontrolled term | Design Concept |
| -- | Architectural Competitions |
| -- | Classifications |
| -- | Trends |
| -- | Contemporary |
| -- | الفكرة التصميمية |
| -- | المسابقات المعمارية |
| 700 0# - ADDED ENTRY--PERSONAL NAME | |
| Personal name | Aly Hatem Gabr |
| Relator term | thesis advisor. |
| 700 0# - ADDED ENTRY--PERSONAL NAME | |
| Personal name | Ahmed Mostafa Abd El Ghafaar |
| Relator term | thesis advisor. |
| 900 ## - Thesis Information | |
| Grant date | 01-01-2025 |
| Supervisory body | Aly Hatem Gabr |
| -- | Ahmed Mostafa Abd El Ghafaar |
| Discussion body | Naela Tolan |
| -- | Manal Abou El-Ela |
| Universities | Cairo University |
| Faculties | Faculty of Engineering |
| Department | Department of Architectural Engineering |
| 905 ## - Cataloger and Reviser Names | |
| Cataloger Name | Shimaa |
| Reviser Names | Eman Ghareb |
| 942 ## - ADDED ENTRY ELEMENTS (KOHA) | |
| Source of classification or shelving scheme | Dewey Decimal Classification |
| Koha item type | Thesis |
| Edition | 21 |
| Suppress in OPAC | No |
| Source of classification or shelving scheme | Home library | Current library | Date acquired | Inventory number | Full call number | Barcode | Date last seen | Effective from | Koha item type |
|---|---|---|---|---|---|---|---|---|---|
| Dewey Decimal Classification | المكتبة المركزبة الجديدة - جامعة القاهرة | قاعة الرسائل الجامعية - الدور الاول | 04.04.2026 | 93652 | Cai01.13.02.Ph.D.2025.Yo.D | 01010110093652000 | 04.04.2026 | 04.04.2026 | Thesis |